Champions League Manchester City - Estadísticas

Estadísticas generales
  • Esta prueba ha sido intentada 77 veces
  • La puntuación promedio es 8 de 10
Estadísticas de respuestas
# GOLES RESPUESTA NACIONALIDAD % Correcto
7 16 Kevin De Bruyne BELGICA
100%
2 26 Erling Haaland NORUEGA
99%
1 36 Sergio Aguero ARGENTINA
99%
6 16 Riyad Mahrez ARGERIA
90%
10 8 Julian Alvarez ARGENTINA
84%
5 18 Phil Foden INGLATERRA
84%
9 12 Ikay Gundogan ALEMANIA
81%
3 24 Raheem Sterling INGLATERRA
73%
4 20 Gabriel Jesus BRASIL
69%
8 14 Bernando Silva PORTUGAL
67%
No se encontraron pruebas coincidentes
Distribución de puntuación
Porcentaje de gente con cada puntuación
Porcentaje por número respondido
Historial de tus puntuaciones
No has intentado esta prueba.